[Event "Continental op 51st"]
[Site "Sturbridge"]
[Date "2021.08.14"]
[Round "6"]
[White "Chen, Ryo"]
[Black "Kavi, Nithin"]
[Result "1/2-1/2"]
[WhiteElo "2358"]
[BlackElo "2132"]
[PlyCount "76"]
[EventDate "2021.08.12"]
[EventType "swiss"]
[EventRounds "9"]
[EventCountry "USA"]
[SourceTitle "CBM 203 Extra"]
[Source "ChessBase"]
[SourceDate "2021.09.30"]
[SourceVersion "1"]
[SourceVersionDate "2021.09.30"]
[SourceQuality "1"]

1. e4 c5 2. Nf3 d6 3. d4 cxd4 4. Nxd4 Nf6 5. Nc3 a6 6. Be2 e5 7. Nb3 Be7 8. 0-0 0-0 9. Kh1 Nc6 10. f3 Be6 11. Be3 d5 12. exd5 Nxd5 13. Nxd5 Bxd5 14. c3 Be6 15. Nc5 Bc8 16. Na4 Bf5 17. Qe1 b5 18. Nb6 Rb8 19. Rd1 Nd4 20. Nc4 bxc4 21. cxd4 Rxb2 22. Bxc4 Qb8 23. dxe5 Rc8 24. Rc1 Rxc4 25. Rxc4 Bd3 26. Rc1 Bxf1 27. Qxf1 Qxe5 28. Rc8+ Bf8 29. Bc5 Rb8 30. Bd4 Qb5 31. Qxb5 Rxb5 32. g3 f6 33. Ra8 a5 34. Bc3 Rb1+ 35. Kg2 Rc1 36. Bd4 Rc4 37. Be3 a4 38. Bf4 Kf7 1/2-1/2

[Event "Continental op 51st"]
[Site "Sturbridge"]
[Date "2021.08.14"]
[Round "5"]
[White "Poliannikov, Danila"]
[Black "Kavi, Nithin"]
[Result "1/2-1/2"]
[WhiteElo "2320"]
[BlackElo "2132"]
[PlyCount "144"]
[EventDate "2021.08.12"]
[EventType "swiss"]
[EventRounds "9"]
[EventCountry "USA"]
[SourceTitle "CBM 203 Extra"]
[Source "ChessBase"]
[SourceDate "2021.09.30"]
[SourceVersion "1"]
[SourceVersionDate "2021.09.30"]
[SourceQuality "1"]

1. e4 c5 2. Nf3 d6 3. d4 cxd4 4. Nxd4 Nf6 5. Nc3 a6 6. g3 e5 7. Nde2 Be7 8. Bg2 0-0 9. 0-0 b5 10. Nd5 Nxd5 11. Qxd5 Ra7 12. Be3 Be6 13. Qd3 Rb7 14. Rfd1 Nd7 15. Nc3 Nf6 16. Bg5 b4 17. Ne2 Qc8 18. Rac1 Rc7 19. b3 Rd8 20. c4 a5 21. Be3 Nd7 22. Qc2 Nc5 23. f4 a4 24. f5 Bd7 25. g4 Bc6 26. g5 Bf8 27. h4 Qa8 28. Ng3 axb3 29. axb3 Ra7 30. Rd2 Nxb3 31. Qxb3 Ra3 32. Qxb4 Rxe3 33. Nf1 Ra3 34. Rb1 Bxe4 35. Bxe4 Qxe4 36. Qxa3 Qxb1 37. Qd3 Qb4 38. Ne3 Ra8 39. g6 Qc5 40. gxf7+ Kxf7 41. Rb2 Ra3 42. Rb7+ Kg8 43. Rb3 Ra1+ 44. Kg2 Ra2+ 45. Kg3 Qd4 46. Qxd4 exd4 47. Nd5 Rc2 48. Rd3 Rxc4 49. Kg4 Kf7 50. Nb6 Rc1 51. Nd5 Rg1+ 52. Kf3 Rf1+ 53. Kg4 Be7 54. Nxe7 Kxe7 55. Rxd4 Ra1 56. Kf4 Ra6 57. Re4+ Kd7 58. Rb4 Kc6 59. Rc4+ Kd7 60. Rb4 Rc6 61. Rb7+ Rc7 62. Rb6 Rc4+ 63. Kg5 Kc7 64. Ra6 Rb4 65. Ra7+ Rb7 66. Ra6 Kd7 67. Ra8 Ke7 68. Rh8 Kf7 69. Rxh7 Kg8 70. Rh5 d5 71. Kf4 Re7 72. f6 Rf7 1/2-1/2

[Event "Continental op 51st"]
[Site "Sturbridge"]
[Date "2021.08.13"]
[Round "3"]
[White "Mikhalevski, Victor"]
[Black "Kavi, Nithin"]
[Result "1-0"]
[WhiteElo "2579"]
[BlackElo "2132"]
[PlyCount "83"]
[EventDate "2021.08.12"]
[EventType "swiss"]
[EventRounds "9"]
[EventCountry "USA"]
[SourceTitle "CBM 203 Extra"]
[Source "ChessBase"]
[SourceDate "2021.09.30"]
[SourceVersion "1"]
[SourceVersionDate "2021.09.30"]
[SourceQuality "1"]

1. d4 Nf6 2. Nf3 g6 3. g3 Bg7 4. Bg2 0-0 5. 0-0 d6 6. b3 Nc6 7. Bb2 Bd7 8. h3 Re8 9. Re1 Qc8 10. Kh2 e5 11. d5 Nb4 12. e4 a5 13. c4 Na6 14. Nc3 c5 15. Nb5 Bf8 16. Nd2 Nc7 17. a4 Nh5 18. Rf1 Na6 19. f4 Nb4 20. Bc3 Bxb5 21. cxb5 Bg7 22. f5 Qc7 23. Nc4 b6 24. Qd2 Rab8 25. Rf2 Qe7 26. Raf1 Bf6 27. Rf3 Rf8 28. Qf2 Kg7 29. h4 h6 30. Bh3 Kh7 31. Bg4 Nxg3 32. Qxg3 Bxh4 33. Qh3 Bg5 34. f6 Qc7 35. Rg1 Nc2 36. Be6 Bf4+ 37. Rxf4 exf4 38. e5 Nd4 39. Nxd6 Rbd8 40. Nxf7 Rxf7 41. Bxd4 cxd4 42. Rxg6 1-0

[Event "North American op 30th"]
[Site "ICC INT"]
[Date "2020.12.29"]
[Round "7"]
[White "Li, Thomas"]
[Black "Kavi, Nithin"]
[Result "1/2-1/2"]
[WhiteElo "1822"]
[BlackElo "2132"]
[PlyCount "45"]
[EventDate "2020.12.26"]
[EventType "swiss"]
[EventRounds "8"]
[EventCountry "USA"]
[SourceTitle "CBM 200 Extra"]
[Source "ChessBase"]
[SourceDate "2021.03.31"]
[SourceVersion "1"]
[SourceVersionDate "2021.03.31"]
[SourceQuality "1"]

1. e4 c5 2. Nc3 Nc6 3. Bb5 Nd4 4. Nf3 Nxb5 5. Nxb5 a6 6. Nc3 d6 7. d4 cxd4 8. Nxd4 g6 9. Be3 Bg7 10. 0-0 Nf6 11. h3 0-0 12. f4 e5 13. Nde2 Re8 14. Ng3 b5 15. f5 Bb7 16. fxg6 fxg6 17. Bg5 Qb6+ 18. Kh1 Rf8 19. Bxf6 Bxf6 20. Nd5 Qd8 21. Qg4 Bc8 22. Qe2 Bg7 23. Rxf8+ 1/2-1/2

[Event "North American op 30th"]
[Site "ICC INT"]
[Date "2020.12.28"]
[Round "6"]
[White "Kavi, Nithin"]
[Black "Kunka, Harshid"]
[Result "1/2-1/2"]
[WhiteElo "2132"]
[BlackElo "1913"]
[PlyCount "65"]
[EventDate "2020.12.26"]
[EventType "swiss"]
[EventRounds "8"]
[EventCountry "USA"]
[SourceTitle "CBM 200 Extra"]
[Source "ChessBase"]
[SourceDate "2021.03.31"]
[SourceVersion "1"]
[SourceVersionDate "2021.03.31"]
[SourceQuality "1"]

1. Nf3 Nf6 2. c4 e6 3. g3 d5 4. d4 dxc4 5. Bg2 Bd7 6. 0-0 Bc6 7. Nbd2 Nbd7 8. Nxc4 Be7 9. Bf4 0-0 10. Rc1 Nd5 11. Bd2 Bb5 12. e4 N5b6 13. b3 c5 14. Re1 Bxc4 15. bxc4 cxd4 16. Nxd4 Ne5 17. Ba5 Bc5 18. Bc3 Nexc4 19. Nb3 Qxd1 20. Rcxd1 Be7 21. e5 Rab8 22. Bd4 Rfc8 23. Re2 g6 24. Bxb6 Nxb6 25. Be4 Rc7 26. Rc2 Rbc8 27. Rxc7 Rxc7 28. Na5 Nc4 29. Rc1 b5 30. Bd3 Bb4 31. Nxc4 bxc4 32. Rxc4 Rxc4 33. Bxc4 1/2-1/2

[Event "USA National op 51st"]
[Site "ICC INT"]
[Date "2020.11.29"]
[Round "8"]
[White "Kavi, Nithin"]
[Black "Poliannikov, Danila"]
[Result "0-1"]
[WhiteElo "2132"]
[BlackElo "2227"]
[PlyCount "72"]
[EventDate "2020.11.27"]
[EventType "swiss"]
[EventRounds "9"]
[EventCountry "USA"]
[SourceTitle "CBM 199 Extra"]
[Source "ChessBase"]
[SourceDate "2021.01.31"]
[SourceVersion "1"]
[SourceVersionDate "2021.01.31"]
[SourceQuality "1"]

1. Nf3 Nf6 2. c4 c5 3. Nc3 d5 4. cxd5 Nxd5 5. g3 Nc6 6. Bg2 Nc7 7. 0-0 e5 8. d3 Be7 9. Nd2 Bd7 10. a4 0-0 11. Nc4 f6 12. Be3 b6 13. Rc1 Rc8 14. f4 exf4 15. Bxf4 Ne6 16. Be3 Ncd4 17. Bf2 Bc6 18. Bxc6 Nxc6 19. Ne3 Kh8 20. Ned5 f5 21. e4 Bg5 22. Be3 Bxe3+ 23. Nxe3 Qd4 24. Ncd5 fxe4 25. Qg4 Nc7 26. Rxf8+ Rxf8 27. Rc4 Nxd5 28. Rxd4 Nxe3 29. Qe2 cxd4 30. h3 Ne5 31. g4 Rf1+ 32. Kh2 Rf2+ 33. Qxf2 N5xg4+ 34. hxg4 Nxg4+ 35. Kg3 Nxf2 36. Kxf2 e3+ 0-1

[Event "USA National op 51st"]
[Site "ICC INT"]
[Date "2020.11.28"]
[Round "6"]
[White "Kavi, Nithin"]
[Black "Lee, Alice"]
[Result "1-0"]
[WhiteElo "2132"]
[BlackElo "1967"]
[PlyCount "111"]
[EventDate "2020.11.27"]
[EventType "swiss"]
[EventRounds "9"]
[EventCountry "USA"]
[SourceTitle "CBM 199 Extra"]
[Source "ChessBase"]
[SourceDate "2021.01.31"]
[SourceVersion "1"]
[SourceVersionDate "2021.01.31"]
[SourceQuality "1"]

1. Nf3 d5 2. d4 c5 3. c4 dxc4 4. Nc3 cxd4 5. Qxd4 Qxd4 6. Nxd4 Nf6 7. e4 e5 8. Ndb5 Na6 9. Bxc4 Bd7 10. Bg5 Bb4 11. Bxf6 gxf6 12. 0-0 Bxc3 13. Nxc3 Nc7 14. Rfd1 Be6 15. Bxe6 fxe6 16. Na4 b6 17. Rac1 Nb5 18. Kf1 Ke7 19. Nc3 Nxc3 20. Rxc3 Rac8 21. Rg3 Rhg8 22. Rh3 Rg7 23. Rhd3 Ke8 24. Rd6 Re7 25. R1d2 Rc1+ 26. Ke2 Kf7 27. Rd8 Kg6 28. Kf3 Ra1 29. Rg8+ Kh6 30. a3 Rc1 31. g4 Rcc7 32. Rd6 Rcd7 33. Rc6 Rc7 34. Rxc7 Rxc7 35. Re8 Rc2 36. Rxe6 Kg6 37. Re7 a5 38. h4 Rxb2 39. h5+ Kh6 40. Kg3 b5 41. Rf7 Rb3+ 42. f3 Rxa3 43. Rxf6+ Kg7 44. Rb6 b4 45. g5 Rb3 46. h6+ Kf7 47. g6+ hxg6 48. Rb8 Rb1 49. h7 Rh1 50. h8Q Rxh8 51. Rxh8 b3 52. Rb8 a4 53. Rb4 a3 54. Rxb3 a2 55. Ra3 a1Q 56. Rxa1 1-0

[Event "Continental op 49th"]
[Site "Sturbridge"]
[Date "2019.08.17"]
[Round "6"]
[White "Kavi, Nithin"]
[Black "Escalante Ramirez, Brian Sebastian"]
[Result "1-0"]
[WhiteElo "1963"]
[BlackElo "2452"]
[PlyCount "26"]
[EventDate "2019.08.14"]
[EventType "swiss"]
[EventRounds "9"]
[EventCountry "USA"]
[SourceTitle "CBM 191 Extra"]
[Source "ChessBase"]
[SourceDate "2019.09.30"]
[SourceVersion "1"]
[SourceVersionDate "2019.09.30"]
[SourceQuality "1"]

1. Nf3 d5 2. d4 e6 3. c4 c6 4. Qc2 Nf6 5. g3 dxc4 6. Qxc4 b5 7. Qd3 Bb7 8. Bg2 Nbd7 9. 0-0 a6 10. a4 b4 11. Nbd2 c5 12. Nc4 Be4 13. Qd1 Nb6 1-0

[Event "Continental op 49th"]
[Site "Sturbridge"]
[Date "2019.08.16"]
[Round "5"]
[White "Poliannikov, Danila"]
[Black "Kavi, Nithin"]
[Result "1/2-1/2"]
[WhiteElo "2093"]
[BlackElo "1963"]
[PlyCount "91"]
[EventDate "2019.08.14"]
[EventType "swiss"]
[EventRounds "9"]
[EventCountry "USA"]
[SourceTitle "CBM 191 Extra"]
[Source "ChessBase"]
[SourceDate "2019.09.30"]
[SourceVersion "1"]
[SourceVersionDate "2019.09.30"]
[SourceQuality "1"]

1. e4 c5 2. Nf3 d6 3. d4 cxd4 4. Nxd4 Nf6 5. Nc3 a6 6. g3 e5 7. Nde2 Be7 8. a4 Nc6 9. Bg2 Nb4 10. 0-0 0-0 11. b3 Be6 12. Ba3 a5 13. Rc1 Rc8 14. Nd5 Nfxd5 15. exd5 Bf5 16. c4 Qb6 17. Bxb4 Qxb4 18. h3 Bf6 19. g4 Bg6 20. Ng3 Bg5 21. Ra1 Qc3 22. Qf3 Qb2 23. Nf5 Bxf5 24. gxf5 Rfe8 25. Qg4 Bf6 26. Rab1 Qd4 27. Be4 Qd2 28. Rfe1 Qf4 29. Qg2 Kh8 30. Re3 g6 31. fxg6 fxg6 32. Rbe1 Bh4 33. Rf3 Qd2 34. Ree3 Rf8 35. Rxf8+ Rxf8 36. Rf3 Qe1+ 37. Qf1 Qxf1+ 38. Kxf1 Rxf3 39. Bxf3 Kg7 40. Ke2 Bd8 41. c5 dxc5 42. Kd3 Kf6 43. Kc4 e4 44. Bxe4 Ke5 45. Bg2 Kd6 46. Be4 1/2-1/2

[Event "USA tt"]
[Site "ICC INT"]
[Date "2015.09.22"]
[Round "5"]
[White "Shi, Jason"]
[Black "Kavi, Nithin"]
[Result "1-0"]
[WhiteElo "2057"]
[BlackElo "2200"]
[PlyCount "77"]
[EventDate "2015.08.25"]
[EventType "team-swiss"]
[EventRounds "10"]
[EventCountry "USA"]
[SourceTitle "EXT 2016"]
[Source "ChessBase"]
[SourceDate "2015.10.08"]
[SourceVersion "1"]
[SourceVersionDate "2015.10.08"]
[SourceQuality "1"]
[WhiteTeam "Connecticut"]
[BlackTeam "New England"]
[WhiteTeamCountry "USA"]
[BlackTeamCountry "USA"]

1. d4 Nf6 2. c4 g6 3. Nc3 Bg7 4. e4 d6 5. Nf3 0-0 6. Be2 e5 7. 0-0 Nc6 8. d5 Ne7 9. Bd2 Nh5 10. Ne1 Nf4 11. Nd3 Nxe2+ 12. Qxe2 f5 13. f3 f4 14. c5 g5 15. b4 Rf6 16. Nf2 h5 17. a4 Rg6 18. h3 Kh8 19. cxd6 cxd6 20. Rfc1 a6 21. a5 Bd7 22. Na4 Bb5 23. Qd1 Bxa4 24. Qxa4 b5 25. axb6 Qxb6 26. Qa5 Qd4 27. Bc3 Qe3 28. b5 g4 29. Bd2 Qd4 30. Ra4 Qb2 31. Nd3 Qb3 32. Ra3 Qxa3 33. Qxa3 gxf3 34. Ne1 fxg2 35. bxa6 Bh6 36. a7 Bg5 37. Nf3 Bf6 38. Qxd6 Kh7 39. Rc7 1-0